AH International Schools' Libraries

The Pigeon Finds a Hot Dog! (Record no. 49008)

MARC details
000 -LEADER
fixed length control field 00398nam a22001337a 4500
008 - FIXED-LENGTH DATA ELEMENTS--GENERAL INFORMATION
fixed length control field 250722b |||||||| |||| 00| 0 eng d
020 ## - INTERNATIONAL STANDARD BOOK NUMBER
International Standard Book Number 9781844285457
100 ## - MAIN ENTRY--PERSONAL NAME
Personal name Mo Willems (Author)
9 (RLIN) 86382
245 ## - TITLE STATEMENT
Title The Pigeon Finds a Hot Dog!
260 ## - PUBLICATION, DISTRIBUTION, ETC. (IMPRINT)
Place of publication, distribution, etc London, Boston, Sydney and Auckland
Name of publisher, distributor, etc Walker Books
Date of publication, distribution, etc 2006
300 ## - PHYSICAL DESCRIPTION
Extent 40 p
Other physical details col. ill.
Dimensions 9.06 x 0.2 x 9.06 inches
490 ## - SERIES STATEMENT
Series statement Pigeon
942 ## - ADDED ENTRY ELEMENTS (KOHA)
Source of classification or shelving scheme
Holdings
Withdrawn status Lost status Source of classification or shelving scheme Damaged status Not for loan Collection code Home library Current library Date acquired Total Checkouts Full call number Barcode Date last seen Price effective from Koha item type
          Siem Riep Asian Hope Siem Reap Asian Hope Siem Reap 07/22/2025   EFIC WIL 209021 07/22/2025 07/22/2025 Book

For any Logos Library related questions please contact Miss Art at swongnarasuk@asianhope.org.

For any Asian Hope Library related questions please contact Miss Raza at graza@asianhope.org.

Click here to explore our ebooks!

Powered by Koha